LEADER 02329nam a2200289 i 4500 001 000000023710 003 CaOOAMICUS 005 20260424141252.0 008 180830s19661976gw u000 u ger u 040 $aSeMil$bita 100 1 $aSchelling, Friedrich Wilhelm Joseph : von ,$d<1775-1854>.$0(OLS)http://semarc/name/20353 245 10$aAusgewählte Werke /$cSchelling. 250 $aUnveränderter reprografischer Nachdruck. 260 $aDarmstadt :$bWissenschaftliche Buchgesellschaft,$c1966-1976. 300 $a10 v. ;$c21 cm. 533 $aRipr. dell'Ed.$bStuttgart ; Augsburg :$cCotta'scher,$d1856-1861 774 0 $aSchelling, Friedrich Wilhelm Joseph : von <1775-1854>$tPhilosophie der Offenbarung.$bRist. anast.$dDarmstadt : Wissenschaftliche Buchgesellschaft, 1974.$z3-534-00104-4$w()23711 774 0 $aSchelling, Friedrich Wilhelm Joseph : von <1775-1854>$tPhilosophie der Mythologie.$bRist. anast.$dDarmstadt : Wissenschaftliche Buchgesellschaft, 1976.$z3-534-00440-X$w()23712 774 0 $aSchelling, Friedrich Wilhelm Joseph : von <1775-1854>$tPhilosophie der Kunst.$dDarmstadt : Wissenschaftliche Buchgesellschaft, 1976.$bRist. anast.$z3-534-00611-9$w()69222 774 0 $aSchelling, Friedrich Wilhelm Joseph : von <1775-1854>$tSchriften von 1794-1798.$bRist. anast.$dDarmstadt : Wissenschaftliche Buchgesellschaft, 1975.$z3-534-02571-7$w()69224 774 0 $aSchelling, Friedrich Wilhelm Joseph : von <1775-1854>$tSchriften von 1799-1801.$bRist. anast.$dDarmstadt : Wissenschaftliche Buchgesellschaft, 1975.$z3-534-02572-5$w()69225 774 0 $aSchelling, Friedrich Wilhelm Joseph : von <1775-1854>$tSchriften von 1801-1804.$bRist. anast.$dDarmstadt : Wissenschaftliche Buchgesellschaft, 1976.$z3-534-03303-5$w()69226 774 0 $aSchelling, Friedrich Wilhelm Joseph : von <1775-1854>$tSchriften von 1806-1813.$bRist. anast.$dDarmstadt : Wissenschaftliche Buchgesellschaft, 1976.$z3-534-03304-3$w()69227 774 0 $aSchelling, Friedrich Wilhelm Joseph : von <1775-1854>$tSchriften von 1813-1830.$bRist. anast.$dDarmstadt : Wissenschaftliche Buchgesellschaft, 1976.$z3-534-03305-1$w()69228 996 $6245$aAusgewählte Werke$9(OLS)http://semarc/title/33963 996 $6260$aDarmstadt :$bWissenschaftliche Buchgesellschaft$9(OLS)http://semarc/publisher/32002